| Поле | Инд. | ПП | Название | Значение |
|---|---|---|---|---|
| Тип записи | a | |||
| Библиографический уровень | m | |||
| 001 | Контрольный номер | a0b00841-a3d6-4aa5-acb5-e46c77413c2e | ||
| 005 | Дата корректировки | 20140226223900.7 | ||
| 008 | Кодируемые данные | 010317 d | ||
| 020 | a | ISBN | 5-7137-0115-8 | |
| c | Цена, тираж | 119.00 | ||
| 040 | a | Служба первич. каталог. | НБ ТвГУ | |
| 041 | a | Код языка текста | rus | |
| 080 | a | Индекс УДК | 882-2 | |
| 084 | a | Индекс другой классификации/Индекс ББК | Ш6(2=411.2)6-6 | |
| 090 | x | Авторский знак | М52 | |
| a | Полочн. индекс | Р1 | ||
| 100 | 1_ | a | Автор | Мережковский Дмитрий Сергеевич |
| 245 | 00 | a | Заглавие | Драматургия |
| c | Ответственность | Вступ. ст., сост., подгот. текста и коммент. Е. А. Андрущенко | ||
| 260 | 0_ | a | Место издания | Томск |
| b | Издательство | Водолей | ||
| c | Дата издания | 2000 | ||
| 300 | a | Объем | 767,[1] с. | |
| b | Иллюстрации/ тип воспроизводства | портр. | ||
| 583 | a | Действие | Получение впервые 149 14.03.2001 | |
| k | Исполнитель действия | Мегапроект "Пушкинская библиотека" | ||
| 653 | a | Ключевые слова | Художественная | |
| 700 | 1_ | a | Другие авторы | Андрущенко Е. А. |
| e | Роль лиц | сост., вступ. ст. | ||
| 852 | t | Порядковый номер экземпляра | 1 | |
| p | Инвентарный номер | 732442 | ||
| 888 | a | За счет средств университета (частично) | ||
| 930 | a | Новая/Ретро | художественная | |
| 952 | p | 149.2001 119.00 1 732442 | ||
| c | Вид литературы | К рн | ||
| 954 | a | Дата поступления на обработку | 20010315 | |
| a | Дата поступления на обработку | 20010315 | ||
| a | Дата поступления на обработку | 20010315 | ||
| 999 | a | Подразделение 2 | ч.з. |